000 00488nam a2200181Ia 4500
008 100920s9999 xx 000 0 und d
082 _b48635
_a24 थ 85
100 _aकुलकर्णी मंगला.
245 _aसाद.
260 _bशकुन प्रकाशन, पुणे.
_c1985
300 _a112
_bसाधी
365 _b20
520 _aसायो.
630 _aसाद.
650 _aसायो.
730 _aसाद.
942 _cBOOK
999 _c695529
_d695526